[Event "ICS rated blitz match"]
[Site "204.178.125.65"]
[Date "1999.09.01"]
[Round "?"]
[White "SABINAH"]
[Black "Hossa"]
[Result "0-1"]
[WhiteElo "2212"]
[BlackElo "2495"]
[PlyCount "50"]
[EventDate "1999.??.??"]

1. e4 e5 2. Nf3 Nc6 3. Bb5 Bc5 4. c3 Nge7 5. O-O f5 6. Re1 fxe4 7. Ng5 d5 8. d4
exd3 9. Rxe5 O-O 10. Qxd3 Bxf2+ 11. Kh1 Bf5 12. Rxf5 Nxf5 13. Bxc6 bxc6 14. g4
Qe7 15. Bd2 h6 16. gxf5 hxg5 17. Na3 Rab8 18. b4 Rbe8 19. Rf1 Qe2 20. Qxe2 Rxe2
21. Bxg5 Rxa2 22. Nb1 Rxf5 23. Bd8 Rb2 24. Bxc7 Bb6 25. Bg3 25... Rxf1# {
SABINAH checkmated} 0-1

[Event "ICS rated blitz match"]
[Site "204.178.125.65"]
[Date "1999.09.08"]
[Round "?"]
[White "SCHLEINKOFER"]
[Black "Hossa"]
[Result "0-1"]
[WhiteElo "2056"]
[BlackElo "2466"]
[PlyCount "40"]
[EventDate "1999.??.??"]

1. d4 Nf6 2. Bg5 Ne4 3. Bh4 d5 4. f3 Nd6 5. e3 Nf5 6. Bf2 Nc6 7. Bd3 e5 8. c3
Qg5 9. Bxf5 Qxg2 10. Bxc8 Rxc8 11. Nd2 exd4 12. exd4 Qxh1 13. Qe2+ Be7 14.
O-O-O Qxh2 15. Nf1 Qd6 16. Ne3 O-O 17. Nh3 Qh6 18. Rh1 Bg5 19. Kb1 Rce8 20. f4
20... Bxf4 {SCHLEINKOFER resigns} 0-1

[Event "ICS rated blitz match"]
[Site "204.178.125.65"]
[Date "1999.09.03"]
[Round "?"]
[White "Sabalero"]
[Black "Hossa"]
[Result "0-1"]
[WhiteElo "2367"]
[BlackElo "2563"]
[PlyCount "84"]
[EventDate "1999.??.??"]

1. h4 e5 2. d3 Bb4+ 3. Bd2 Bxd2+ 4. Nxd2 Nc6 5. g3 Nge7 6. Bh3 O-O 7. Ngf3 d5
8. Ng5 Bxh3 9. Rxh3 Qd7 10. Rh1 f6 11. Ngf3 Nb4 12. a3 Nbc6 13. e3 b5 14. Nb3
Qd6 15. Nfd2 Rae8 16. Qe2 a5 17. O-O-O a4 18. Na1 b4 19. Nb1 bxa3 20. Nxa3 Qb4
21. c3 Qb6 22. Rd2 Ra8 23. Kd1 Na5 24. Ke1 Nb3 25. Nxb3 axb3 26. Kf1 Qc6 27. e4
Rfd8 28. Kg2 dxe4 29. dxe4 Rxd2 30. Qxd2 Qxe4+ 31. Kh2 Qf3 32. Re1 Nd5 33. c4
Nb6 34. Re3 Qc6 35. Rc3 Qe4 36. Re3 Qd4 37. Qc3 Na4 38. Qxb3 Qxb2 39. Nb5 Qxf2+
40. Kh3 Qf1+ 41. Kh2 Nc5 42. Qb4 42... Ra2+ {Sabalero resigns} 0-1

[Event "ICS rated blitz match"]
[Site "204.178.125.65"]
[Date "1999.09.04"]
[Round "?"]
[White "Sabalero"]
[Black "Hossa"]
[Result "0-1"]
[WhiteElo "2291"]
[BlackElo "2558"]
[PlyCount "78"]
[EventDate "1999.??.??"]

1. h3 d5 2. d3 e5 3. Bd2 Nf6 4. g3 c6 5. h4 Qb6 6. b3 Bc5 7. e3 O-O 8. Ne2 Bg4
9. Bg2 Bf5 10. Bc1 Nbd7 11. Nd2 Ng4 12. Nf1 Rac8 13. Bd2 Rc7 14. Qc1 Ngf6 15.
Rb1 Qa6 16. Ra1 Ba3 17. Qd1 Bb2 18. Rb1 Qxa2 19. f3 Nc5 20. e4 dxe4 21. fxe4
Bg4 22. Ne3 Bxe2 23. Kxe2 Rd7 24. Qf1 Bd4 25. Nf5 Qxc2 26. Rc1 Qxd3+ 27. Ke1
Qxb3 28. Qe2 Nd3+ 29. Kf1 Nxc1 30. Bxc1 Qb1 31. Qe1 Bb2 32. Ke2 Qc2+ 33. Kf1
Rd1 34. Ne3 Rxe1+ 35. Kxe1 Bc3+ 36. Kf1 Qxc1+ 37. Kf2 Qd2+ 38. Kf3 Bd4 39. Ng4
39... Qd3+ {Sabalero resigns} 0-1

[Event "ICS rated blitz match"]
[Site "204.178.125.65"]
[Date "1999.10.14"]
[Round "?"]
[White "Secret"]
[Black "Hossa"]
[Result "1-0"]
[WhiteElo "2687"]
[BlackElo "2350"]
[PlyCount "132"]
[EventDate "1999.??.??"]

1. e4 e5 2. Nf3 Nf6 3. Nxe5 d6 4. Nf3 Nxe4 5. c4 Bg4 6. d3 Nf6 7. Be2 Be7 8.
Qb3 b6 9. h3 Bf5 10. Nc3 O-O 11. Nd4 Bd7 12. Bf3 c6 13. O-O a6 14. Bf4 Ra7 15.
Rae1 Re8 16. Qa3 c5 17. Ndb5 Bxb5 18. Nxb5 Rd7 19. Nc3 Ra7 20. Qa4 Rd7 21. Qb3
Ra7 22. Re3 Nbd7 23. Rfe1 Bf8 24. Rxe8 Nxe8 25. Bg4 Ndf6 26. Bg5 Qb8 27. Bf3
Re7 28. Re3 Re5 29. Bf4 Re6 30. Bc6 Nc7 31. Bh2 Kh8 32. Ne4 Kg8 33. Nxf6+ Rxf6
34. a3 g6 35. Qc2 Re6 36. b4 Qd8 37. Qb1 Bg7 38. bxc5 bxc5 39. Qb6 Rxe3 40.
fxe3 Bh6 41. e4 Be3+ 42. Kh1 Qf6 43. Qb1 Qd8 44. Bg3 Ne6 45. Qf1 Qe7 46. Bd5
Bg5 47. e5 dxe5 48. Bxe5 Qd7 49. Qb1 Bd8 50. Qb8 Qe7 51. Bxe6 fxe6 52. Bd6 Qd7
53. Bxc5 Qxd3 54. Bd6 Qf1+ 55. Kh2 Qf6 56. Bc7 Kf7 57. Qxd8 Qxd8 58. Bxd8 Ke8
59. Bb6 Kd7 60. Kg3 g5 61. Kg4 Ke7 62. Kxg5 Kd6 63. Kh6 Kc6 64. Bf2 Kd6 65.
Kxh7 Ke5 66. g4 66... Kf4 {Hossa resigns} 1-0

[Event "ICS rated blitz match"]
[Site "204.178.125.65"]
[Date "1999.10.15"]
[Round "?"]
[White "Secret"]
[Black "Hossa"]
[Result "1-0"]
[WhiteElo "2649"]
[BlackElo "2309"]
[PlyCount "90"]
[EventDate "1999.??.??"]

1. e4 c6 2. d4 d5 3. Nc3 dxe4 4. Nxe4 Nd7 5. Ng5 Ngf6 6. Bd3 e5 7. Qe2 Bb4+ 8.
c3 Be7 9. Bc4 Nd5 10. N1f3 exd4 11. Bxd5 cxd5 12. Nxd4 O-O 13. Ngf3 Nc5 14. O-O
Re8 15. Re1 Bg4 16. Bf4 Rc8 17. h3 Bxf3 18. Qxf3 Ne4 19. Qg4 Qb6 20. Re2 Bf8
21. Rae1 Bc5 22. Be3 Qd6 23. Nf5 Qg6 24. Bxc5 Qxg4 25. hxg4 Rxc5 26. f3 g6 27.
Nd4 Ra5 28. a3 f6 29. fxe4 dxe4 30. Rxe4 Rae5 31. Rxe5 fxe5 32. Nf3 e4 33. Kf2
b5 34. Ng5 Rf8+ 35. Ke3 h6 36. Nxe4 Re8 37. Rd1 Re7 38. Rd5 a6 39. Rd6 Kg7 40.
Rxa6 Rb7 41. Nd6 Re7+ 42. Kf3 Re5 43. Ra7+ Kf6 44. Ne4+ Ke6 45. Ra6+ 45... Ke7
{Hossa resigns} 1-0

[Event "ICS rated blitz match"]
[Site "204.178.125.65"]
[Date "1999.10.16"]
[Round "?"]
[White "Secret"]
[Black "Hossa"]
[Result "1-0"]
[WhiteElo "2681"]
[BlackElo "2430"]
[PlyCount "95"]
[EventDate "1999.??.??"]

1. e4 e5 2. Nf3 Nc6 3. Bb5 a6 4. Ba4 Nf6 5. O-O Be7 6. Re1 b5 7. Bb3 O-O 8. c3
d6 9. h3 Be6 10. d4 Bxb3 11. Qxb3 Rc8 12. a4 Na5 13. Qa2 Nc6 14. axb5 axb5 15.
d5 Nb8 16. Qb3 Nbd7 17. Qxb5 Rb8 18. Qc4 Ne8 19. Ra7 f5 20. Nbd2 fxe4 21. Nxe4
Nb6 22. Qa2 Rf5 23. c4 Nc8 24. Ra3 Rf8 25. c5 Rf5 26. Bd2 Rf8 27. b4 Qd7 28.
cxd6 Bxd6 29. Nc5 Qf5 30. g4 Qf7 31. Ne6 e4 32. Nxf8 exf3 33. Ne6 Nb6 34. Ree3
Qd7 35. Nc5 Qf7 36. Rxf3 Qxd5 37. Rfd3 Qxa2 38. Rxa2 Nc4 39. Bc3 Bxc5 40. bxc5
Kf7 41. Rd4 Nb6 42. cxb6 Rxb6 43. Re2 Rb3 44. Bb4 Nf6 45. Re7+ Kg6 46. Rxc7 Rb2
47. Bf8 Ne8 48. Re7 {Hossa resigns} 1-0

[Event "ICS rated blitz match"]
[Site "204.178.125.65"]
[Date "1999.10.16"]
[Round "?"]
[White "Secret"]
[Black "Hossa"]
[Result "1-0"]
[WhiteElo "2732"]
[BlackElo "2487"]
[PlyCount "100"]
[EventDate "1999.??.??"]

1. e4 c5 2. Nf3 Nc6 3. d4 cxd4 4. Nxd4 Nf6 5. Nc3 d6 6. Bc4 e6 7. Be3 Be7 8.
Qe2 O-O 9. O-O-O Ne5 10. Bb3 Re8 11. h3 Nc6 12. f4 d5 13. e5 Nd7 14. Ba4 Nxd4
15. Rxd4 a6 16. Rd2 b5 17. Bb3 Bb7 18. Rhd1 Bb4 19. Bd4 Bxc3 20. Bxc3 Nc5 21.
Bb4 Nxb3+ 22. axb3 a5 23. Bd6 a4 24. b4 a3 25. bxa3 Rxa3 26. Qxb5 Ba6 27. Qc6
Bc8 28. Kb2 Ra6 29. Qc7 Qh4 30. Rd4 Ra8 31. b5 Qg3 32. R4d3 Qxg2 33. Qc6 Bd7
34. Qxd7 Qf2 35. Ra1 Rac8 36. Rc3 Rcd8 37. Qc7 Qxf4 38. b6 d4 39. Rc4 Qe3 40.
h4 Qe4 41. Rf1 Kh8 42. Rxf7 Qg4 43. b7 h6 44. Qxd8 Rxd8 45. Rc8 Rxc8 46.
bxc8=Q+ Kh7 47. Bf8 Qh3 48. Rxg7+ Kh8 49. Rc7 Qg4 50. Qe8 50... Qg8 {
Hossa resigns} 1-0

[Event "ICS rated blitz match"]
[Site "204.178.125.65"]
[Date "1999.10.16"]
[Round "?"]
[White "Secret"]
[Black "Hossa"]
[Result "1-0"]
[WhiteElo "2716"]
[BlackElo "2466"]
[PlyCount "90"]
[EventDate "1999.??.??"]

1. d4 Nf6 2. c4 e6 3. Nc3 Bb4 4. e3 b6 5. Nge2 Ba6 6. a3 Be7 7. Nf4 c6 8. b3 d5
9. Bb2 Bd6 10. Nh3 Qc7 11. g3 e5 12. cxd5 Bxf1 13. Rxf1 Qd7 14. Ng5 cxd5 15.
dxe5 Bxe5 16. Nf3 Bxc3+ 17. Bxc3 Qd6 18. Bxf6 Qxf6 19. Rc1 O-O 20. Qxd5 Na6 21.
Nd4 Nc5 22. Rc4 Nd3+ 23. Ke2 Ne5 24. Rc7 Rfd8 25. Qe4 Re8 26. Rfc1 Ng6 27. Qd3
Ne5 28. Qf5 Qd6 29. a4 Qd5 30. Rd1 Rad8 31. Rxa7 Qg2 32. Ne6 Rxd1 33. Qxe5 Rd2+
34. Kxd2 Qxf2+ 35. Kc1 Qg1+ 36. Kb2 Qxh2+ 37. Ka3 Qh6 38. Re7 fxe6 39. Rxe8+
Kf7 40. Rd8 Ke7 41. Rb8 Kf7 42. Rb7+ Kg6 43. Re7 b5 44. axb5 Qh5 45. Rxe6+
45... Kf7 {Hossa resigns} 1-0

[Event "ICS rated blitz match"]
[Site "204.178.125.65"]
[Date "1999.10.16"]
[Round "?"]
[White "Secret"]
[Black "Hossa"]
[Result "1/2-1/2"]
[WhiteElo "2735"]
[BlackElo "2484"]
[PlyCount "94"]
[EventDate "1999.??.??"]

1. d4 d5 2. Nc3 Nf6 3. Bg5 h6 4. Bxf6 exf6 5. e3 Be6 6. Bd3 Nd7 7. Nge2 Bd6 8.
Nf4 Bxf4 9. exf4 f5 10. g4 g6 11. gxf5 gxf5 12. Qe2 Qe7 13. Nb5 Kd8 14. O-O-O
c6 15. Nc3 Qb4 16. Qe3 Kc7 17. Rhg1 Rae8 18. Rg7 Rhg8 19. Rdg1 Rxg7 20. Rxg7
Qd6 21. Nd1 Qe7 22. f3 Qh4 23. Rg2 Nb6 24. Qd2 Bd7 25. b3 Re1 26. a4 Nc8 27.
Kb2 Re8 28. Rg1 Ne7 29. Re1 Ng6 30. Rxe8 Bxe8 31. Bxf5 Qf6 32. Bxg6 fxg6 33.
Qe3 Qf8 34. Qe5+ Kb6 35. Nf2 a5 36. Qb8 Qf6 37. Nd3 Qxd4+ 38. Ka2 Qe3 39. Qd8+
Ka6 40. h4 h5 41. Ne5 Qc1 42. Qa8+ Kb6 43. Qxe8 Qxc2+ 44. Ka3 Qc1+ 45. Ka2 Qc2+
46. Ka3 Qc1+ 47. Ka2 47... Qc2+ {Game drawn by repetition} 1/2-1/2

[Event "ICS rated blitz match"]
[Site "204.178.125.65"]
[Date "1999.10.16"]
[Round "?"]
[White "Secret"]
[Black "Hossa"]
[Result "1-0"]
[WhiteElo "2728"]
[BlackElo "2467"]
[PlyCount "106"]
[EventDate "1999.??.??"]

1. e4 e5 2. Nf3 Nc6 3. Bb5 a6 4. Ba4 Nf6 5. O-O Bc5 6. c3 Nxe4 7. Qe2 Nf6 8. d4
Be7 9. dxe5 Nd5 10. Bb3 Nb6 11. Qe4 d6 12. exd6 cxd6 13. Be3 d5 14. Qc2 Nc4 15.
Bxc4 dxc4 16. Rd1 Bd7 17. Qe2 b5 18. a4 Rb8 19. Bf4 Rb6 20. axb5 axb5 21. Ne5
Nxe5 22. Bxe5 f6 23. Ra7 fxe5 24. Qh5+ g6 25. Qxe5 Rf8 26. Rdxd7 Qxd7 27. Rxd7
Kxd7 28. f3 Rf5 29. Qd4+ Rd6 30. Qa7+ Ke6 31. Nd2 Re5 32. Ne4 Rd1+ 33. Kf2 Rd2+
34. Kf1 Rxb2 35. Qc7 h5 36. Qb8 Kf5 37. Qg8 Re6 38. g3 Rc2 39. Qa8 Rc1+ 40. Ke2
Re5 41. Qc8+ Re6 42. Qd7 Bf6 43. Kd2 Rxc3 44. Nd6+ Kg5 45. Qxe6 Rd3+ 46. Ke2
Kh6 47. Qxf6 Rxd6 48. Qxd6 h4 49. Qd2+ Kh7 50. gxh4 Kg7 51. Qd7+ Kg8 52. Qxb5
c3 53. Qc4+ 53... Kg7 {Hossa resigns} 1-0

[Event "ICS rated blitz match"]
[Site "204.178.125.65"]
[Date "1999.10.16"]
[Round "?"]
[White "Secret"]
[Black "Hossa"]
[Result "1-0"]
[WhiteElo "2740"]
[BlackElo "2473"]
[PlyCount "168"]
[EventDate "1999.??.??"]

1. e4 e5 2. Nf3 Nc6 3. Bb5 a6 4. Ba4 Nf6 5. O-O d6 6. Re1 Bd7 7. c3 Be7 8. d4
O-O 9. Nbd2 Re8 10. Nf1 exd4 11. cxd4 d5 12. e5 Ne4 13. Ng3 Nxg3 14. hxg3 Nb4
15. Bxd7 Qxd7 16. a3 Nc6 17. Bg5 Bxg5 18. Nxg5 Qf5 19. Nf3 Rab8 20. Qb3 Red8
21. Rac1 Qg4 22. Rc5 Nxd4 23. Nxd4 Qxd4 24. Rxc7 b5 25. Qf3 Rf8 26. b4 Rbc8 27.
Rd7 Rcd8 28. Rd6 Rfe8 29. Qd1 Qc4 30. Rxa6 Ra8 31. Rxa8 Rxa8 32. Qf3 Re8 33.
Qe3 d4 34. Qd2 Qd5 35. f4 Rc8 36. Rd1 Rc4 37. Qd3 Qa8 38. Kf2 Qa4 39. g4 h6 40.
Kf1 Kf8 41. Rd2 Ke7 42. Qe4 Qa7 43. f5 Rc1+ 44. Ke2 Rc4 45. Qd5 Qd7 46. Qxd7+
Kxd7 47. Kd3 Kc6 48. Ke4 d3+ 49. Kxd3 Kd5 50. Re2 Rxg4 51. e6 Rd4+ 52. Kc2 Rc4+
53. Kd1 fxe6 54. fxe6 Rc8 55. e7 Re8 56. Rc2 Rxe7 57. Rc5+ Kd4 58. Rxb5 Re3 59.
a4 Rg3 60. Rb8 Rxg2 61. Rd8+ Kc4 62. b5 Ra2 63. b6 Ra1+ 64. Kd2 Rb1 65. a5 Rb2+
66. Kc1 Rb3 67. Kc2 Rc3+ 68. Kd2 Rb3 69. a6 Rxb6 70. a7 Rb2+ 71. Ke3 Rb3+ 72.
Ke4 Ra3 73. a8=Q Rxa8 74. Rxa8 Kc5 75. Ra6 Kb5 76. Rg6 Kc4 77. Rxg7 Kc5 78. Rh7
Kd6 79. Rxh6+ Kc5 80. Re6 Kc4 81. Rc6+ Kb5 82. Kd5 Kb4 83. Rc4+ Kb5 84. Rd4
84... Kb6 {Hossa resigns} 1-0

[Event "ICS rated blitz match"]
[Site "204.178.125.65"]
[Date "1999.10.16"]
[Round "?"]
[White "Secret"]
[Black "Hossa"]
[Result "1-0"]
[WhiteElo "2750"]
[BlackElo "2486"]
[PlyCount "94"]
[EventDate "1999.??.??"]

1. e4 e5 2. Nf3 Nf6 3. d3 Nc6 4. Be2 d5 5. Nbd2 Bc5 6. O-O O-O 7. c3 Be6 8. b4
Bd6 9. Bb2 a6 10. a3 Qe7 11. exd5 Bxd5 12. c4 Bxf3 13. Bxf3 Qd7 14. c5 Be7 15.
Nc4 Rfd8 16. Bxe5 Nxe5 17. Nxe5 Qc8 18. Qb3 Rf8 19. Rfe1 Bd8 20. Bg4 Qb8 21.
Nxf7 Rxf7 22. Be6 c6 23. Bxf7+ Kh8 24. Qe6 Bc7 25. g3 Nd5 26. Qe8+ Qxe8 27.
Rxe8+ Rxe8 28. Bxe8 Kg8 29. Bd7 Ne7 30. Be6+ Kf8 31. Re1 h5 32. Kg2 Bb8 33. Kf3
Bc7 34. Ke4 g6 35. Re3 Kg7 36. Rf3 Bd8 37. Rf7+ Kh6 38. Rf8 Bc7 39. Re8 Nd5 40.
Bxd5 cxd5+ 41. Kxd5 b6 42. h4 a5 43. d4 bxc5 44. bxc5 a4 45. Ke6 Ba5 46. Ra8
Bc7 47. d5 47... g5 {Hossa resigns} 1-0

[Event "ICS rated blitz match"]
[Site "204.178.125.65"]
[Date "1999.10.16"]
[Round "?"]
[White "Secret"]
[Black "Hossa"]
[Result "1-0"]
[WhiteElo "2761"]
[BlackElo "2475"]
[PlyCount "126"]
[EventDate "1999.??.??"]

1. e4 c5 2. Nf3 e6 3. d4 cxd4 4. Nxd4 Nf6 5. Nc3 d6 6. g4 h6 7. g5 hxg5 8. Bxg5
Be7 9. Ndb5 a6 10. Bxf6 gxf6 11. Nd4 f5 12. exf5 e5 13. f6 Bxf6 14. Nb3 Nc6 15.
Nd5 Bh4 16. c3 Be6 17. Qf3 Bxd5 18. Qxd5 Qf6 19. Qd2 Rg8 20. Qe3 Rg4 21. h3 Rf4
22. Rh2 d5 23. Qb6 Rxf2 24. Rxf2 d4 25. O-O-O Bxf2 26. Qxb7 Rb8 27. Qxa6 dxc3
28. Bb5 Bb6 29. bxc3 Kf8 30. Rf1 Qh6+ 31. Kb2 Ne7 32. Bd7 Qg6 33. Qc4 Rd8 34.
Be6 f6 35. Qg4 Qh6 36. Qf3 f5 37. Bxf5 Be3 38. Bd3+ Bf4 39. Ka1 Qd6 40. Rd1 Qa3
41. Qh5 Ra8 42. Bb1 Kg7 43. h4 Kf6 44. Rd7 Rb8 45. Qd1 Rb6 46. Rd8 Rc6 47. Qd3
Bh6 48. h5 Bf4 49. c4 Rb6 50. c5 Rb7 51. Rd6+ Kg5 52. Re6 Qb4 53. h6 Rd7 54.
Qh3 Qb8 55. c6 Ra7 56. Nc5 Rxa2+ 57. Bxa2 Qb4 58. Nb3 Qe1+ 59. Bb1 Qe2 60. Nc5
Bd2 61. Ne4+ Qxe4 62. Bxe4 Be1 63. h7 63... Bc3+ {Hossa resigns} 1-0

[Event "ICS rated blitz match"]
[Site "204.178.125.65"]
[Date "1999.10.16"]
[Round "?"]
[White "Secret"]
[Black "Hossa"]
[Result "1-0"]
[WhiteElo "2756"]
[BlackElo "2480"]
[PlyCount "137"]
[EventDate "1999.??.??"]

1. Nf3 d5 2. c4 c6 3. d4 Nf6 4. Nc3 dxc4 5. e4 b5 6. e5 Nd5 7. a4 b4 8. Ne4 c3
9. bxc3 bxc3 10. Qc2 Bf5 11. Ba3 Nd7 12. Ba6 Rb8 13. O-O e6 14. Bxf8 Nxf8 15.
Bd3 Rb2 16. Qc1 Bxe4 17. Bxe4 Rb3 18. Qc2 Rb7 19. Rfb1 Rc7 20. Ra3 Ng6 21. Bxd5
cxd5 22. Rxc3 Rxc3 23. Qxc3 O-O 24. Rb7 a6 25. h3 Qc8 26. Qxc8 Rxc8 27. Rb6 Ra8
28. Kf1 h5 29. g3 Ra7 30. Ke2 a5 31. Kd3 Ne7 32. Ng5 g6 33. g4 Rc7 34. Rb5 Nc6
35. Ke3 Kg7 36. f4 hxg4 37. hxg4 Ra7 38. f5 Kh6 39. Nh3 g5 40. f6 Kg6 41. Ng1
Rc7 42. Nf3 Ra7 43. Rb1 Ra8 44. Rc1 Ra6 45. Rc5 Rb6 46. Nd2 Kh6 47. Rb5 Ra6 48.
Rb7 Kg6 49. Rc7 Rb6 50. Rc8 Kh6 51. Nf3 Rb3+ 52. Kf2 Rc3 53. Rh8+ Kg6 54. Rg8+
Kh6 55. Nxg5 Nd8 56. Nf3 Ra3 57. Rxd8 Rc3 58. Rh8+ Kg6 59. Rg8+ Kh7 60. Rg7+
Kh6 61. g5+ Kh5 62. g6 fxg6 63. f7 Rc8 64. Rg8 Rf8 65. Rxf8 Kg4 66. Rh8 Kf5 67.
Rh4 g5 68. f8=Q+ Kg6 69. Rh6# {Hossa checkmated} 1-0

[Event "ICS rated blitz match"]
[Site "204.178.125.65"]
[Date "1999.10.16"]
[Round "?"]
[White "Secret"]
[Black "Hossa"]
[Result "1-0"]
[WhiteElo "2703"]
[BlackElo "2479"]
[PlyCount "151"]
[EventDate "1999.??.??"]

1. e4 e5 2. Nf3 Nc6 3. Bb5 a6 4. Ba4 Nf6 5. O-O Be7 6. Re1 b5 7. Bb3 d6 8. c3
O-O 9. h3 Na5 10. Bc2 c5 11. d4 Bb7 12. Nbd2 cxd4 13. cxd4 Nc6 14. d5 Nb4 15.
Bb1 a5 16. Qe2 Qd7 17. a3 Na6 18. Bd3 Nc7 19. a4 b4 20. Nc4 Qd8 21. Be3 Nd7 22.
Nb6 Nxb6 23. Bxb6 Qb8 24. Rac1 Ne8 25. Be3 f5 26. Bc4 Rf7 27. exf5 Rxf5 28. Qd3
Rf7 29. Bb5 Qd8 30. Red1 Bf6 31. Qe4 Nc7 32. Bc6 Na6 33. b3 Rb8 34. Bxb7 Rbxb7
35. Rc6 Nb8 36. Rc2 Rbd7 37. Kh2 Rf8 38. Rdc1 Rdf7 39. Rc4 Be7 40. Qg4 Qd7 41.
Rc7 Qxg4 42. hxg4 Bf6 43. Rxf7 Kxf7 44. Nd2 Kg6 45. Ne4 h6 46. Bb6 Bd8 47. Rc8
Be7 48. Rxf8 Bxf8 49. Kg3 Na6 50. Kf3 Kf7 51. g5 h5 52. Bxa5 Be7 53. Bb6 Kg6
54. Ke2 Kf5 55. Kd3 g6 56. f3 h4 57. Kc4 Kf4 58. Kb5 h3 59. gxh3 Kxf3 60. Nd2+
Ke2 61. Nc4 Nb8 62. a5 Bf8 63. Ba7 Nd7 64. Kc6 Kd3 65. Kxd7 Bg7 66. a6 e4 67.
Be3 Bd4 68. Bxd4 Kxd4 69. a7 Kc3 70. Kxd6 Kxb3 71. Kc5 Kc2 72. a8=Q b3 73. Kd4
Kb1 74. Qa3 Kc2 75. Qb2+ Kd1 76. Qd2# {Hossa checkmated} 1-0

[Event "ICS rated blitz match"]
[Site "204.178.125.65"]
[Date "1999.10.16"]
[Round "?"]
[White "Secret"]
[Black "Hossa"]
[Result "1-0"]
[WhiteElo "2744"]
[BlackElo "2492"]
[PlyCount "115"]
[EventDate "1999.??.??"]

1. Nf3 d5 2. c4 e6 3. g3 c6 4. b3 Bb4 5. a3 Ba5 6. Bb2 Nf6 7. c5 Nbd7 8. Bh3
O-O 9. O-O Bc7 10. Qc2 e5 11. Bg2 Re8 12. d4 e4 13. Nh4 Nf8 14. Bc1 Ne6 15. Nf5
Nxc5 16. Nxg7 Kxg7 17. dxc5 Be5 18. Bb2 Bxb2 19. Qxb2 Kh8 20. Nd2 Bg4 21. f3
exf3 22. Nxf3 Kg8 23. Nd4 Ne4 24. b4 Qd7 25. Rf4 Ng5 26. Raf1 Nh3+ 27. Bxh3
Bxh3 28. Rxf7 Qxf7 29. Rxf7 Kxf7 30. Nf3 Bf5 31. b5 cxb5 32. Qxb5 Re7 33. c6
bxc6 34. Qxc6 Rd8 35. Ng5+ Kg7 36. Qc3+ Kg6 37. Nf3 Kf7 38. Ne5+ Kg8 39. Nc6
Rc7 40. Qa5 Rdd7 41. Ne5 Rc1+ 42. Kf2 Rd6 43. Qxa7 Rf6 44. Qe7 Bh3+ 45. Ke3
Rcf1 46. Qd8+ Kg7 47. Qxd5 Ra1 48. Qb7+ Kh6 49. Qb4 Re6 50. Qf8+ Kh5 51. Qg7
Rxa3+ 52. Kf4 Ra4+ 53. e4 Rxe4+ 54. Kxe4 Rxe5+ 55. Kxe5 h6 56. Kf4 Bf5 57. g4+
Bxg4 58. Qxg4# {Hossa checkmated} 1-0

[Event "ICS rated blitz match"]
[Site "204.178.125.65"]
[Date "1999.10.16"]
[Round "?"]
[White "Secret"]
[Black "Hossa"]
[Result "0-1"]
[WhiteElo "2739"]
[BlackElo "2522"]
[PlyCount "160"]
[EventDate "1999.??.??"]

1. d4 d5 2. Nc3 Nf6 3. Bg5 h6 4. Bxf6 exf6 5. e3 Be6 6. Bd3 Nd7 7. Nge2 Bd6 8.
Nf4 Bxf4 9. exf4 f5 10. g4 g6 11. gxf5 gxf5 12. Qd2 Nf6 13. O-O-O Ne4 14. Qe3
Kd7 15. Rhg1 Kc8 16. Rde1 Re8 17. f3 Nxc3 18. bxc3 Bd7 19. Qd2 c6 20. Rg7 Be6
21. Qe3 Bd7 22. Qg1 Rf8 23. c4 Qa5 24. cxd5 Qxa2 25. dxc6 bxc6 26. Kd2 Qa5+ 27.
c3 Qa2+ 28. Bc2 Kc7 29. Rh7 Rg8 30. Qf2 Rab8 31. Rxh6 Rb2 32. Rc1 Re8 33. Qg3
Kb8 34. Qh4 Qc4 35. Re1 Qa4 36. Rc1 Qc4 37. Qf2 Ka8 38. Rd6 Bc8 39. Re1 Qb3 40.
Rc1 Ba6 41. Rxc6 Re2+ 42. Qxe2 Bxe2 43. Rc8+ Kb7 44. Rc5 Bxf3 45. Ke3 Rxc2 46.
Rxc2 Qxc2 47. Kxf3 Qe4+ 48. Kg3 Qe3+ 49. Kg2 Qxf4 50. Rb5+ Kc6 51. Ra5 Qd2+ 52.
Kg1 f4 53. Rc5+ Kd6 54. Rf5 Qe1+ 55. Kg2 Qe4+ 56. Kf2 Qxf5 57. c4 Qc2+ 58. Kf3
Qxh2 59. Ke4 Qe2+ 60. Kxf4 Qxc4 61. Ke3 Qe2+ 62. Kxe2 a5 63. Kd3 Kd5 64. Kc3 f5
65. Kd3 a4 66. Kc3 a3 67. Kb3 f4 68. Kc3 a2 69. Kb2 f3 70. Kxa2 Kc4 71. Ka3 f2
72. Kb2 f1=Q 73. Kc2 Qe2+ 74. Kb1 Qd1+ 75. Kb2 Qd2+ 76. Kb1 Qd3+ 77. Kb2 Qxd4+
78. Kb1 Kb3 79. Kc1 Qd5 80. Kb1 80... Qd1# {Secret checkmated} 0-1

[Event "ICS rated blitz match"]
[Site "204.178.125.65"]
[Date "1999.09.16"]
[Round "?"]
[White "Sidis"]
[Black "Hossa"]
[Result "0-1"]
[WhiteElo "2087"]
[BlackElo "2408"]
[PlyCount "48"]
[EventDate "1999.??.??"]

1. e4 c5 2. Nf3 Nc6 3. d4 cxd4 4. Nxd4 Nf6 5. Nc3 Nxd4 6. Qxd4 b6 7. Bc4 e6 8.
Be3 Bc5 9. Qd2 Bb4 10. a3 Nxe4 11. Qd4 Bxc3+ 12. bxc3 Nf6 13. O-O-O O-O 14. f3
d5 15. Bd3 Qc7 16. Qh4 Ba6 17. Bd4 Bxd3 18. Rxd3 e5 19. Bf2 Rac8 20. g4 Qc4 21.
Re1 Qa2 22. Kd2 e4 23. Rde3 d4 24. cxd4 24... Qxc2# {Sidis checkmated} 0-1

[Event "ICS rated blitz match"]
[Site "204.178.125.65"]
[Date "1999.09.27"]
[Round "?"]
[White "Silmarillion"]
[Black "Hossa"]
[Result "0-1"]
[WhiteElo "2112"]
[BlackElo "2498"]
[PlyCount "108"]
[EventDate "1999.??.??"]

1. d4 Nf6 2. Nf3 g6 3. Nbd2 d5 4. e3 Bg7 5. Bd3 O-O 6. O-O Bg4 7. h3 Bxf3 8.
Nxf3 Nc6 9. b3 Re8 10. Bb2 e6 11. a3 Ne4 12. Nd2 Nxd2 13. Qxd2 e5 14. dxe5 Nxe5
15. Be2 c6 16. Bd4 Qc7 17. b4 Qe7 18. Qc3 Qf8 19. Rae1 Re7 20. Kh1 Re6 21. Bc5
Qd8 22. Bd4 Bf6 23. f4 Nd7 24. Bg4 Re4 25. Bf3 Re8 26. e4 dxe4 27. Bxe4 Bxd4
28. Qxd4 Nf6 29. Qxd8 Raxd8 30. Bd3 Nd5 31. f5 g5 32. Kh2 Ne3 33. Rf3 Ng4+ 34.
hxg4 Rxe1 35. f6 Re6 36. Rf5 Rd5 37. Rf3 Rdd6 38. Rh3 Rxf6 39. Rxh7 Rxd3 40.
Rh5 Rxa3 41. Rxg5+ Kf8 42. Rh5 Rf4 43. Rh4 Rxb4 44. Kg1 Kg7 45. Kh2 Rc3 46. Kg1
Rxc2 47. Kh2 f5 48. Rh3 Rxg4 49. Re3 Rcxg2+ 50. Kh3 Rg6 51. Re7+ Kf6 52. Rxb7
R6g3+ 53. Kh4 f4 54. Rb4 54... Rh2# {Silmarillion checkmated} 0-1

[Event "ICS rated blitz match"]
[Site "204.178.125.65"]
[Date "1999.09.27"]
[Round "?"]
[White "Silmarillion"]
[Black "Hossa"]
[Result "0-1"]
[WhiteElo "2118"]
[BlackElo "2492"]
[PlyCount "54"]
[EventDate "1999.??.??"]

1. d4 Nf6 2. Nd2 d5 3. e3 Nbd7 4. Ngf3 e6 5. Bd3 Bd6 6. c4 O-O 7. O-O c5 8. b3
Re8 9. Bb2 cxd4 10. exd4 e5 11. dxe5 Nxe5 12. Nxe5 Bxe5 13. Bxe5 Rxe5 14. Nf3
Bg4 15. h3 Bxf3 16. Qxf3 Qe7 17. cxd5 Nxd5 18. Bc4 Nb4 19. Rfd1 Re8 20. a3 Nc2
21. Ra2 Ne1 22. Qf4 b6 23. Rad2 Re4 24. Qg3 Qxa3 25. Rd7 R4e7 26. Qc7 h6 27.
Bxf7+ 27... Kxf7 {Silmarillion resigns} 0-1

[Event "ICS rated blitz match"]
[Site "204.178.125.65"]
[Date "1999.10.17"]
[Round "?"]
[White "SirChess"]
[Black "Hossa"]
[Result "0-1"]
[WhiteElo "2231"]
[BlackElo "2519"]
[PlyCount "152"]
[EventDate "1999.??.??"]

1. e4 e5 2. Nf3 Nc6 3. Bb5 a6 4. Bxc6 dxc6 5. d4 exd4 6. Qxd4 Qxd4 7. Nxd4 Nf6
8. f3 Bd6 9. O-O c5 10. Ne2 O-O 11. Be3 Be6 12. Nbc3 Rae8 13. Rfe1 Rd8 14. a3
Rfe8 15. Nf4 Bc4 16. g3 Nd7 17. Kf2 Be5 18. Nd3 Bxd3 19. cxd3 Bxc3 20. bxc3 Ne5
21. d4 Nd3+ 22. Ke2 Nxe1 23. Rxe1 c4 24. Kf2 b6 25. Bf4 Rd7 26. g4 b5 27. d5
Kf8 28. Rd1 Red8 29. Rd4 Kg8 30. h3 Kf8 31. Bg5 Re8 32. Bf4 h6 33. Bg3 Red8 34.
Bh4 g5 35. Bg3 f6 36. Bh2 Kf7 37. Bg3 Kg6 38. Bh2 Rb8 39. Ke2 Re8 40. Kf2 Kg7
41. Bg3 Rc8 42. Ke2 Rcd8 43. Kf2 Kh7 44. Bh2 Kh8 45. Bg3 Rc8 46. Bh2 Kg7 47.
Bg3 Kg6 48. Ke3 a5 49. Rd2 Re8 50. Kf2 Rb8 51. Rb2 Rb7 52. Ke3 Rd8 53. Kd4 c6
54. d6 Ra7 55. Kc5 Ra6 56. Rd2 Kf7 57. Rd1 Ke6 58. Rd2 Rd7 59. Rd1 Rh7 60. Rd2
h5 61. gxh5 Kd7 62. h4 gxh4 63. Bxh4 Rxh5+ 64. Kd4 c5+ 65. Ke3 Rxh4 66. Rg2
Rxd6 67. Rg7+ Kc6 68. Ra7 Rd3+ 69. Kf2 Rxc3 70. Rxa5 Rf4 71. Ra6+ Kb7 72. Re6
Rfxf3+ 73. Ke2 Rce3+ 74. Kd2 c3+ 75. Kc2 Rf2+ 76. Kb3 76... Rb2# {
SirChess checkmated} 0-1